Normal view
MARC view
- Bell, Isaac (Fictitious character)
Entry Topical Term
001 - CONTROL NUMBER
- control field: 98589
003 - CONTROL NUMBER IDENTIFIER
- control field: NUST
005 - DATE AND TIME OF LATEST TRANSACTION
- control field: 20220829123610.0
008 - FIXED-LENGTH DATA ELEMENTS
- fixed length control field: 220829|| aca||aabn | a|a d
040 ## - CATALOGING SOURCE
- Original cataloging agency: NUST
- Transcribing agency: NUST
150 ## - HEADING--TOPICAL TERM
- Topical term or geographic name entry element: Bell, Isaac (Fictitious character)
- Form subdivision: Fiction
670 ## - SOURCE DATA FOUND
- Source citation: Work cat.: (NUST)174479: Cussler, Clive. 12104, The race /, 2011.
